[Event "ICS rated bullet match"]
[Site "204.178.125.65"]
[Date "2001.02.22"]
[Round "?"]
[White "Hossa"]
[Black "JH-Donnol"]
[Result "0-1"]
[WhiteElo "2437"]
[BlackElo "2680"]
[PlyCount "102"]
[EventDate "2001.??.??"]

1. e4 d5 2. exd5 Qxd5 3. Nc3 Qa5 4. d4 c6 5. Bc4 Bf5 6. Nf3 Nf6 7. Bd2 e6 8.
Qe2 Bb4 9. O-O Nbd7 10. a3 Bxc3 11. Bxc3 Qc7 12. Bb4 a5 13. Bc3 Ne4 14. Nh4
Nxc3 15. bxc3 Bg6 16. Rab1 b5 17. Bxe6 fxe6 18. Qxe6+ Kf8 19. Nxg6+ hxg6 20. h3
Nf6 21. Rfe1 Re8 22. Qb3 Rh4 23. Rxe8+ Kxe8 24. Qe6+ Kd8 25. Re1 Rh8 26. Rb1
Re8 27. Qb3 Re2 28. Kf1 Rd2 29. g3 Qe7 30. Re1 Ne4 31. Qg8+ Kc7 32. Kg1 Qf6 33.
f4 Nxc3 34. Re5 Ne2+ 35. Kf2 Rxc2 36. Rxe2 Qxd4+ 37. Kf3 Qd1 38. Qxg7+ Kb6 39.
Qe7 Qf1+ 40. Kg4 Qxe2+ 41. Qxe2 Rxe2 42. a4 bxa4 43. Kf3 Re8 44. f5 gxf5 45.
Kf4 a3 46. Kxf5 a2 47. h4 a1=Q 48. g4 Qe5+ 49. Kg6 Rg8+ 50. Kf7 Rg7+ 51. Kf8
Qe7# {Hossa checkmated} 0-1

[Event "ICS rated bullet match"]
[Site "204.178.125.65"]
[Date "2001.02.22"]
[Round "?"]
[White "JH-Donnol"]
[Black "Hossa"]
[Result "1-0"]
[WhiteElo "2686"]
[BlackElo "2431"]
[PlyCount "89"]
[EventDate "2001.??.??"]

1. e4 c5 2. Nf3 e6 3. d4 cxd4 4. Nxd4 Nc6 5. Nc3 d6 6. Be3 a6 7. Be2 Nf6 8. O-O
Be7 9. f4 O-O 10. a4 Qc7 11. Kh1 Bd7 12. Nb3 b6 13. Bf3 Rfd8 14. Qe2 Rdb8 15.
Kg1 Rb7 16. Rad1 Be8 17. Bd2 Nd7 18. Nd5 exd5 19. exd5 Nc5 20. dxc6 Bxc6 21.
Nxc5 dxc5 22. Bc3 Bxf3 23. Rxf3 c4 24. Re3 Bc5 25. Bd4 Rf8 26. f5 Qf4 27. Bxc5
bxc5 28. b3 cxb3 29. cxb3 a5 30. Rd5 Rc7 31. Qe1 Rcc8 32. Ree5 Rc6 33. Rd8 Rc8
34. Rxc8 Qd4+ 35. Kh1 g6 36. Ree8 Rxe8 37. Qxe8+ Kg7 38. Qh8+ Kh6 39. Qxd4 cxd4
40. b4 axb4 41. Rb8 b3 42. Rxb3 gxf5 43. Rd3 Kg6 44. a5 Kf6 45. Rxd4 {
Hossa resigns} 1-0

[Event "ICS rated blitz match"]
[Site "204.178.125.65"]
[Date "2001.02.22"]
[Round "?"]
[White "Hossa"]
[Black "MJL"]
[Result "1/2-1/2"]
[WhiteElo "2630"]
[BlackElo "2652"]
[PlyCount "157"]
[EventDate "2001.??.??"]

1. e4 e5 2. Nf3 Nc6 3. Bb5 a6 4. Ba4 Nf6 5. O-O Be7 6. Re1 b5 7. Bb3 d6 8. c3
O-O 9. h3 Na5 10. Bc2 c5 11. d4 Qc7 12. Nbd2 cxd4 13. cxd4 Nc6 14. d5 Nb4 15.
Bb1 a5 16. Nf1 Bd7 17. a3 Na6 18. b3 Nc5 19. Ng3 Rfc8 20. Be3 h6 21. Re2 Qd8
22. Rc2 a4 23. b4 Nb3 24. Rxc8 Rxc8 25. Ra2 Nh7 26. Bc2 Ng5 27. Bxb3 axb3 28.
Rb2 Nxf3+ 29. Qxf3 Rc3 30. Qd1 Qa8 31. Rxb3 Qa4 32. Rb1 Rxa3 33. Qe1 Bd8 34.
Rc1 Qb3 35. Rb1 Qc3 36. Qxc3 Rxc3 37. Ra1 Bh4 38. Ra8+ Kh7 39. Ra7 Bc8 40. Nf1
f5 41. exf5 Bxf5 42. Ra6 Rd3 43. Rxd6 Be7 44. Rb6 Rxd5 45. Bd2 g6 46. Bc3 Bd7
47. Rb7 Rd3 48. Nd2 Kg7 49. Nf3 Rxc3 50. Rxd7 Kf7 51. Rb7 e4 52. Ne5+ Kf6 53.
Ng4+ Ke6 54. Rxb5 Rc1+ 55. Kh2 Bd6+ 56. g3 h5 57. Ne3 h4 58. Rg5 hxg3+ 59. fxg3
Bxb4 60. Rxg6+ Ke5 61. Rg8 Kd4 62. Ng2 Rc2 63. Rb8 Ba5 64. Rb7 e3 65. Re7 e2
66. Kg1 Rb2 67. g4 Bb4 68. Re8 Kc4 69. Re4+ Kd3 70. Re3+ Kd2 71. Re6 Bc5+ 72.
Kh2 Ba7 73. Rd6+ Kc1 74. Rc6+ Kd1 75. Rd6+ Kc1 76. Rc6+ Kb1 77. Re6 Bb8+ 78.
Kg1 Ba7+ 79. Kh2 {Game drawn by mutual agreement} 1/2-1/2

[Event "ICS rated blitz match"]
[Site "204.178.125.65"]
[Date "2001.02.22"]
[Round "?"]
[White "MJL"]
[Black "Hossa"]
[Result "1-0"]
[WhiteElo "2651"]
[BlackElo "2631"]
[PlyCount "89"]
[EventDate "2001.??.??"]

1. d4 e6 2. c4 Bb4+ 3. Bd2 a5 4. Nf3 d6 5. g3 Nd7 6. Bg2 Ngf6 7. O-O Bxd2 8.
Qxd2 Nb6 9. c5 dxc5 10. dxc5 Qxd2 11. Nbxd2 Nbd7 12. Rac1 O-O 13. c6 bxc6 14.
Rxc6 Ra7 15. Rfc1 Ba6 16. Rxc7 Rxc7 17. Rxc7 Rb8 18. b3 Bxe2 19. Nd4 Bd3 20.
Nc6 Re8 21. Nxa5 Nb6 22. a4 Nbd5 23. Bxd5 exd5 24. Nc6 Re1+ 25. Kg2 h5 26. Nb4
Bf5 27. Nf3 Re2 28. Kf1 Rb2 29. Nd4 Bd7 30. a5 Rd2 31. Nbc2 Bg4 32. a6 h4 33.
f3 Ne8 34. Re7 Nc7 35. Rxc7 hxg3 36. hxg3 Bxf3 37. Nxf3 Rd3 38. Ng5 g6 39. a7
Kg7 40. Rxf7+ Kh6 41. a8=Q Rxg3 42. Qh8+ Kxg5 43. Qf6+ Kg4 44. Qxg6+ Kh4 45.
Rh7# {Hossa checkmated} 1-0

[Event "ICS rated blitz match"]
[Site "204.178.125.65"]
[Date "2001.02.22"]
[Round "?"]
[White "Hossa"]
[Black "MJL"]
[Result "0-1"]
[WhiteElo "2616"]
[BlackElo "2666"]
[PlyCount "208"]
[EventDate "2001.??.??"]

1. e4 c5 2. Nf3 d6 3. Bb5+ Bd7 4. Bxd7+ Qxd7 5. O-O Nc6 6. c4 g6 7. d3 O-O-O 8.
Nc3 Kb8 9. Be3 Nf6 10. d4 e5 11. Bg5 Be7 12. Bxf6 Bxf6 13. Nd5 Bg7 14. dxe5
dxe5 15. Qd3 f5 16. Rfe1 Rhf8 17. Rad1 Nd4 18. Nxd4 cxd4 19. Re2 g5 20. Rde1 g4
21. Kh1 fxe4 22. Qxe4 h5 23. Qg6 h4 24. Rd1 Rc8 25. b3 Rce8 26. Rb1 Rf7 27. Kg1
Rh8 28. Rd1 g3 29. hxg3 h3 30. f4 hxg2 31. Rxg2 Rh6 32. Qd3 Qh3 33. Qe2 Rh8 34.
b4 e4 35. Kf2 e3+ 36. Ke1 Qh1+ 37. Qf1 Qxf1+ 38. Kxf1 b5 39. cxb5 Rh1+ 40. Ke2
Rxd1 41. Kxd1 Rd7 42. Nxe3 dxe3+ 43. Ke2 Bd4 44. g4 Bb6 45. Kf3 Rd1 46. a4 Rf1+
47. Ke4 Rf2 48. Rg1 Rb2 49. Ra1 Rxb4+ 50. Kf3 Bd4 51. Ra2 Bb2 52. Kxe3 Bc1+ 53.
Kf3 Rxf4+ 54. Kg3 Rb4 55. Kh4 Be3 56. Kh5 Re4 57. g5 Re5 58. Rg2 Rc5 59. Rg3
Bd2 60. Rg2 Rd5 61. Rg4 Kb7 62. Kg6 Kc7 63. Kh5 Kd6 64. Kh6 Be3 65. Rg3 Bf4 66.
Rg1 Ke6 67. Kh5 Kf5 68. b6 Rd2 69. Kh6 axb6 70. Rf1 Rg2 71. Kg7 Rxg5+ 72. Kf7
Ke4 73. Rb1 Be3 74. Ke6 Kd4 75. Kd6 Kc4 76. Re1 Rg3 77. Kc6 Kb4 78. Ra1 Bd4 79.
Ra2 Kb3 80. Rd2 Be3 81. Re2 Kxa4 82. Kd5 b5 83. Rb2 b4 84. Ke4 b3 85. Rb1 Kb4
86. Kd3 Bc5+ 87. Ke4 Kc4 88. Rc1+ Rc3 89. Rb1 Bd4 90. Kf5 Kd5 91. Kg4 Rd3 92.
Kg5 Be5 93. Kg4 b2 94. Kf5 Rf3+ 95. Kg5 Rf2 96. Re1 Bf4+ 97. Kg4 Bc1 98. Kg3
Rc2 99. Re7 b1=Q 100. Rd7+ Ke6 101. Rd2 Qb3+ 102. Kg4 Rxd2 103. Kg5 Qg3+ 104.
Kh5 Rh2# {Hossa checkmated} 0-1

[Event "ICS rated blitz match"]
[Site "204.178.125.65"]
[Date "2001.02.26"]
[Round "?"]
[White "Hossa"]
[Black "lambChop"]
[Result "0-1"]
[WhiteElo "2649"]
[BlackElo "2655"]
[PlyCount "137"]
[EventDate "2001.??.??"]

1. d4 Nf6 2. c4 e6 3. Nc3 Bb4 4. e3 c5 5. Nge2 cxd4 6. exd4 O-O 7. a3 Be7 8.
Nf4 d5 9. cxd5 Nxd5 10. Nfxd5 exd5 11. Bd3 Nc6 12. Be3 Be6 13. O-O Bf6 14. b3
Rc8 15. Rc1 Nxd4 16. Bxh7+ Kxh7 17. Bxd4 Bxd4 18. Qxd4 Qa5 19. a4 Qc5 20. Qf4
a6 21. Ne4 Qe7 22. Ng5+ Kg8 23. Qh4 Bf5 24. Rce1 Qf6 25. Rd1 Rfd8 26. Rd4 Qg6
27. Re1 f6 28. Nf3 Re8 29. Rxd5 Be4 30. Rdd1 Bxf3 31. Rxe8+ Rxe8 32. Qc4+ Kh7
33. Qh4+ Qh5 34. Qxh5+ Bxh5 35. f3 Re3 36. b4 Be8 37. a5 Re2 38. h3 Bc6 39. Rd4
Kg6 40. h4 Kf5 41. h5 Kg5 42. Rg4+ Kh6 43. Rg6+ Kh7 44. Rg4 Re5 45. Kf2 Rxh5
46. Rf4 Rd5 47. Rg4 Bb5 48. Ke3 Rd3+ 49. Kf2 g5 50. Ke1 Rb3 51. Kf2 Rb2+ 52.
Kg1 Rd2 53. Re4 Bc6 54. Rc4 Kg6 55. Rc3 g4 56. Kf1 gxf3 57. gxf3 Rb2 58. Ra3
Kf5 59. Ke1 Kf4 60. b5 Bxb5 61. Kd1 Bc6 62. Kc1 Rg2 63. Kb1 Bxf3 64. Ra2 Rxa2
65. Kxa2 f5 66. Kb2 Ke3 67. Kc2 f4 68. Kc3 Bd5 69. Kb2 {Hossa resigns} 0-1

[Event "ICS Rated blitz match"]
[Site "204.178.125.65"]
[Date "2001.02.26"]
[Round "?"]
[White "lambChop"]
[Black "Hossa"]
[Result "1-0"]
[WhiteElo "2671"]
[BlackElo "2633"]
[PlyCount "51"]
[EventDate "2001.??.??"]

1. e4 e5 2. Nf3 Nc6 3. Bc4 Bc5 4. c3 d6 5. d4 exd4 6. cxd4 Bb6 7. Nc3 Nf6 8.
O-O Bg4 9. Be3 O-O 10. h3 Bxf3 11. gxf3 Nd7 12. Kh2 Qf6 13. Nd5 Qh4 14. Rg1
Rfe8 15. Rg4 Qd8 16. Bg5 Qb8 17. Nf6+ Nxf6 18. Bxf6 g6 19. Qd2 Bxd4 20. Rxg6+
hxg6 21. Qh6 Be5+ 22. Kh1 Bxf6 23. Qxg6+ Kh8 24. Qh6+ Kg8 25. Rg1+ Bg7 26.
Qxg7# {Hossa checkmated} 1-0

[Event "ICS rated blitz match"]
[Site "204.178.125.65"]
[Date "2001.02.26"]
[Round "?"]
[White "Hossa"]
[Black "OliPow"]
[Result "1-0"]
[WhiteElo "2619"]
[BlackElo "2398"]
[PlyCount "101"]
[EventDate "2001.??.??"]

1. d4 Nf6 2. e3 d5 3. Bd3 g6 4. c4 dxc4 5. Bxc4 Be6 6. Bxe6 fxe6 7. Nc3 Nc6 8.
Qb3 Qd6 9. Qxb7 Rb8 10. Qa6 Bg7 11. Nge2 O-O 12. a3 Rb6 13. Qd3 Ng4 14. Ne4 Qd5
15. N2c3 Qh5 16. Qc4 Nxh2 17. Ng3 Qh4 18. Qxe6+ Kh8 19. Qe4 Qxe4 20. Ngxe4 Ng4
21. Nd5 Rb5 22. Nxc7 Rb3 23. Nc5 Na5 24. O-O Rb6 25. b4 Nc4 26. Nd7 Rf5 27.
Nxb6 axb6 28. Ra2 Bh6 29. e4 Rh5 30. Bxh6 Nxh6 31. Rc1 Nd6 32. f3 Nhf7 33. e5
Nxe5 34. dxe5 Rxe5 35. Rc6 Kg7 36. Rxb6 Re1+ 37. Kf2 Rd1 38. Rc6 Kf7 39. a4 Nf5
40. Ne6 h6 41. a5 Nd4 42. Nxd4 Rxd4 43. a6 Rd8 44. a7 Ra8 45. b5 e5 46. b6 Ke7
47. b7 Rd8 48. b8=Q Rxb8 49. axb8=R Kd7 50. Rcb6 g5 51. Ra7# {OliPow checkmated
} 1-0

[Event "ICS rated blitz match"]
[Site "204.178.125.65"]
[Date "2001.02.26"]
[Round "?"]
[White "OliPow"]
[Black "Hossa"]
[Result "0-1"]
[WhiteElo "2391"]
[BlackElo "2626"]
[PlyCount "78"]
[EventDate "2001.??.??"]

1. e4 e5 2. Nf3 Nc6 3. Bb5 a6 4. Ba4 Nf6 5. Qe2 b5 6. Bb3 Be7 7. c3 Bc5 8. Bd5
Bd6 9. a4 Bb7 10. axb5 axb5 11. Rxa8 Qxa8 12. d4 exd4 13. Qxb5 O-O 14. cxd4
Nxd5 15. exd5 Re8+ 16. Be3 Bb4+ 17. Nbd2 Qa1+ 18. Ke2 Qa8 19. Qd3 Ba6 20. Nc4
Na5 21. b3 Qxd5 22. Rc1 Ba3 23. Rc2 Rb8 24. Nfd2 Qxg2 25. d5 Qg4+ 26. f3 Qg2+
27. Ke1 Qxh2 28. Qf5 Qh1+ 29. Ke2 Rxb3 30. Qxd7 Qg2+ 31. Bf2 Nxc4 32. Qd8+ Bf8
33. Rxc4 Bxc4+ 34. Nxc4 Qxf3+ 35. Ke1 Rb1+ 36. Kd2 Rd1+ 37. Kc2 Qd3+ 38. Kb2
Qb1+ 39. Kc3 Rd3# {OliPow checkmated} 0-1

[Event "ICS rated blitz match"]
[Site "204.178.125.65"]
[Date "2001.02.26"]
[Round "?"]
[White "Hossa"]
[Black "Tinker"]
[Result "1-0"]
[WhiteElo "2633"]
[BlackElo "2293"]
[PlyCount "113"]
[EventDate "2001.??.??"]

1. d4 d5 2. Nf3 Nf6 3. c4 dxc4 4. Nc3 c6 5. a4 Bg4 6. e3 Na6 7. Bxc4 e6 8. e4
Bxf3 9. gxf3 Nc7 10. O-O Nd7 11. Qb3 Nb6 12. Be2 c5 13. a5 Nd7 14. Qxb7 cxd4
15. Nb5 Nxb5 16. Bxb5 Rc8 17. Bf4 Rc5 18. Rfc1 Rxb5 19. Qxb5 e5 20. Qb7 Nc5 21.
Qc6+ Qd7 22. Qxd7+ Kxd7 23. Bxe5 Nb3 24. Bxd4 Nxa1 25. Rxa1 a6 26. Rd1 Kc6 27.
Rc1+ Kd7 28. Be5 Be7 29. Rc7+ Ke6 30. f4 Ra8 31. Kg2 g6 32. Rb7 h5 33. Bd4 Bd6
34. Kf3 Bf8 35. f5+ gxf5 36. exf5+ Kxf5 37. Rxf7+ Ke6 38. Rf6+ Kd5 39. Bc3 Bc5
40. h4 Rf8 41. Rxf8 Bxf8 42. b3 Kc5 43. Kf4 Be7 44. Kg3 Bd8 45. f4 Kd5 46. f5
Bc7+ 47. Kf3 Bd8 48. f6 Ke6 49. Kf4 Kf7 50. Kg5 Bc7 51. Kxh5 Bg3 52. Kg5 Bf2
53. h5 Be3+ 54. Kf5 Bc1 55. Bd4 Bd2 56. b4 Ke8 57. Kg6 {Tinker resigns} 1-0

[Event "ICS rated blitz match"]
[Site "204.178.125.65"]
[Date "2001.02.26"]
[Round "?"]
[White "Hossa"]
[Black "BleKINGe"]
[Result "1-0"]
[WhiteElo "2637"]
[BlackElo "2088"]
[PlyCount "81"]
[EventDate "2001.??.??"]

1. d4 e6 2. Nf3 d5 3. Bg5 Be7 4. Bxe7 Qxe7 5. c3 Nf6 6. e3 O-O 7. Bd3 c5 8. O-O
Nc6 9. Nbd2 e5 10. dxe5 Nxe5 11. Nxe5 Qxe5 12. Nf3 Qe7 13. Qe2 Bg4 14. Rad1
Rad8 15. c4 d4 16. exd4 Qxe2 17. Bxe2 Rfe8 18. dxc5 Rxd1 19. Bxd1 Ne4 20. Re1
f5 21. Bc2 Kf8 22. Nd4 Nxc5 23. Rxe8+ Kxe8 24. f3 Bh5 25. Nxf5 Kf8 26. Nd6 a5
27. Bxh7 g6 28. g4 Kg7 29. gxh5 Kxh7 30. hxg6+ Kxg6 31. Kg2 a4 32. Kg3 Nd3 33.
Nxb7 Nxb2 34. c5 Nc4 35. c6 Nb6 36. c7 Nc8 37. Nc5 a3 38. Kf4 Kf6 39. h4 Nd6
40. Ne4+ Nxe4 41. fxe4 {BleKINGe resigns} 1-0

[Event "ICS Rated standard match"]
[Site "204.178.125.65"]
[Date "2001.02.26"]
[Round "?"]
[White "Hossa"]
[Black "diep"]
[Result "1-0"]
[WhiteElo "2340"]
[BlackElo "2511"]
[PlyCount "97"]
[EventDate "2001.??.??"]

1. e4 c5 2. Nf3 e6 3. d4 cxd4 4. Nxd4 Nf6 5. Nc3 e5 6. Ndb5 d6 7. Nd5 Nxd5 8.
Qxd5 a6 9. Bc4 Qd7 10. Nc3 Nc6 11. Be3 Nb4 12. Qd2 Qc7 13. Bb3 Be6 14. a3 Bxb3
15. cxb3 Qa5 16. O-O Nc6 17. b4 Qd8 18. Nd5 Rc8 19. Qd3 Ne7 20. Rac1 Rxc1 21.
Rxc1 Nc6 22. b5 axb5 23. Qxb5 Qc8 24. Nb4 Kd7 25. Qc4 f6 26. Nd5 Ke8 27. b4 Qd7
28. b5 Nd8 29. Qe2 Ne6 30. Qh5+ g6 31. Nxf6+ Kf7 32. Qf3 Qd8 33. Nd5+ Kg7 34.
Bh6+ Kxh6 35. Qh3+ Kg7 36. Qxe6 h5 37. Rc7+ Kh6 38. b6 Qh4 39. Nf6 Bg7 40. Rxg7
Kxg7 41. Qe7+ Kh6 42. Ng8+ Rxg8 43. Qxh4 Ra8 44. f4 Rxa3 45. Qg5+ Kh7 46. Qe7+
Kh6 47. Qf8+ Kh7 48. Qf7+ Kh8 49. Qxb7 {diep resigns} 1-0

[Event "ICS rated blitz match"]
[Site "204.178.125.65"]
[Date "2001.02.26"]
[Round "?"]
[White "Hossa"]
[Black "armenjan"]
[Result "1-0"]
[WhiteElo "2639"]
[BlackElo "2119"]
[PlyCount "64"]
[EventDate "2001.??.??"]

1. d4 e6 2. c4 d5 3. Nc3 f5 4. cxd5 exd5 5. Nf3 c6 6. Bf4 Nf6 7. e3 Bd6 8. Bxd6
Qxd6 9. Bd3 O-O 10. O-O Ne4 11. Ne5 Nd7 12. Nxd7 Bxd7 13. Bxe4 fxe4 14. Qe2
Rae8 15. Qc2 Rf6 16. Qa4 Rh6 17. h3 Bxh3 18. gxh3 Rxh3 19. Rfc1 Qg6+ 20. Kf1
Qg4 21. Ke1 Rf8 22. Nd1 Qg1+ 23. Kd2 Rxf2+ 24. Kc3 Qe1+ 25. Kb3 Rd2 26. Nc3
Qxe3 27. Qxa7 Qxd4 28. Qb8+ Kf7 29. Qxb7+ Kg6 30. Qxc6+ Kh5 31. Rh1 Rdd3 32.
Rad1 g5 {armenjan resigns} 1-0

[Event "ICS Rated blitz match"]
[Site "204.178.125.65"]
[Date "2001.03.02"]
[Round "?"]
[White "Hossa"]
[Black "probist"]
[Result "0-1"]
[WhiteElo "2665"]
[BlackElo "2742"]
[PlyCount "119"]
[EventDate "2001.??.??"]

1. e4 e5 2. Nf3 Nc6 3. Nc3 Nf6 4. Bc4 Nxe4 5. Nxe4 d5 6. Bd3 dxe4 7. Bxe4 Bd6
8. Bxc6+ bxc6 9. d4 e4 10. Ng5 Bf5 11. f3 O-O 12. fxe4 Bxe4 13. Nxe4 Re8 14.
O-O Rxe4 15. Qf3 Qe8 16. c3 c5 17. d5 Rb8 18. g3 c4 19. Qf2 Rb5 20. Qg2 Rxd5
21. Be3 Rb5 22. a4 Ra5 23. Bf2 Re2 24. Rae1 Rae5 25. Rxe2 Rxe2 26. Qb7 a5 27.
Ra1 Kf8 28. Qa6 f5 29. Qxa5 Qe4 30. Qb5 f4 31. Rf1 h6 32. gxf4 Kg8 33. b3 cxb3
34. Qxb3+ Kh7 35. Qb1 Rc2 36. Rc1 Rxc1+ 37. Qxc1 Qxa4 38. c4 g6 39. Kg2 h5 40.
Kg1 Qd7 41. Be3 Qg4+ 42. Kf2 Qh3 43. Kg1 g5 44. fxg5 Qxh2+ 45. Kf1 Qh1+ 46. Kf2
Qxc1 47. Bxc1 Kg6 48. Kf3 Be7 49. Bf4 c6 50. Ke4 Bxg5 51. Bh2 h4 52. Ke5 Be7
53. Ke6 Ba3 54. Kd7 c5 55. Ke6 Kg5 56. Kd5 Kg4 57. Ke4 Bb4 58. Ke3 Be1 59. Ke2
Bg3 60. Bg1 {Hossa resigns} 0-1

[Event "ICS rated blitz match"]
[Site "204.178.125.65"]
[Date "2001.03.05"]
[Round "?"]
[White "Hossa"]
[Black "Tinker"]
[Result "1-0"]
[WhiteElo "2565"]
[BlackElo "2491"]
[PlyCount "131"]
[EventDate "2001.??.??"]

1. e4 c5 2. Nc3 Nc6 3. Nf3 d6 4. Be2 Nf6 5. d3 e5 6. O-O Be7 7. Be3 O-O 8. a3
Be6 9. Ng5 Bd7 10. f4 h6 11. Nf3 Ng4 12. Bd2 exf4 13. Bxf4 Be6 14. Nd5 Nf6 15.
c4 Bg4 16. Be3 Nxd5 17. cxd5 Nb8 18. b4 cxb4 19. axb4 Na6 20. Qd2 Bh5 21. b5
Nc5 22. Bxc5 dxc5 23. Qc3 Re8 24. Qc2 Bd6 25. Ne1 Qh4 26. g3 Qh3 27. Bxh5 Qxh5
28. Ra2 Qg4 29. Qf2 Qd7 30. Nc2 Rf8 31. Na3 Bc7 32. Nc4 Qxb5 33. Rb2 Qa6 34.
Qxc5 Bd8 35. Rbb1 b6 36. Qf2 Bf6 37. e5 Bg5 38. Qf3 Qc8 39. Rf2 Be7 40. d6 Bd8
41. e6 Bf6 42. e7 Re8 43. Ne3 Qe6 44. Nf5 Kh7 45. Re2 Qc8 46. Rf1 Qd7 47. Qd5
Kg6 48. g4 Rac8 49. Ne3 Kh7 50. Qf5+ Qxf5 51. Nxf5 Rc3 52. Rd1 Rc6 53. d7 Rxe7
54. Nxe7 Rd6 55. d4 Rxd7 56. Nc6 a6 57. Re8 Rc7 58. d5 Rb7 59. d6 Rd7 60. Rd5
a5 61. Re7 Bxe7 62. dxe7 Rxd5 63. e8=Q Rc5 64. Ne7 h5 65. Qg8+ Kh6 66. Nf5+ {
Tinker resigns} 1-0

[Event "ICS rated blitz match"]
[Site "204.178.125.65"]
[Date "2001.03.05"]
[Round "?"]
[White "QuarkX"]
[Black "Hossa"]
[Result "0-1"]
[WhiteElo "2550"]
[BlackElo "2578"]
[PlyCount "154"]
[EventDate "2001.??.??"]

1. d4 e6 2. Nf3 Nf6 3. c4 Be7 4. Bf4 Nc6 5. Nc3 Nh5 6. Bd2 O-O 7. e4 d6 8. Be2
Nf6 9. d5 Ne5 10. Qb3 Nxf3+ 11. Bxf3 e5 12. O-O c6 13. dxc6 bxc6 14. Bg5 Be6
15. Qa4 Qb6 16. b3 Qc7 17. a3 a5 18. Rfe1 Rfb8 19. Ra2 Nd7 20. Be3 Bg5 21. Bxg5
Nc5 22. Rb2 Nxa4 23. Nxa4 Rb7 24. Reb1 Rab8 25. Bd2 f5 26. g3 Rf8 27. Rc2 Rbb8
28. Nc3 Qf7 29. Bg5 fxe4 30. Bxe4 d5 31. cxd5 cxd5 32. Bd3 Bf5 33. Bxf5 Qxf5
34. Rbb2 d4 35. h4 dxc3 36. Rxc3 Qe4 37. Kh2 Qd4 38. Rcc2 Qd6 39. Be3 Rf3 40.
a4 Qa3 41. Kg2 e4 42. Bc5 Qa1 43. b4 axb4 44. Rxb4 Rxb4 45. Bxb4 Qxa4 46. Rb2
Qc6 47. Be1 Kf7 48. Kh2 Qd5 49. Kg2 Kf6 50. Rb6+ Ke5 51. Ra6 Qd1 52. Ra5+ Kd4
53. Kf1 Qd3+ 54. Kg2 Qb1 55. Bd2 Kd3 56. Be3 Ke2 57. Kh3 g6 58. Bd4 Qh1+ 59.
Kg4 Qc1 60. Kh3 Qd2 61. Ra4 Rxf2 62. Bxf2 Qd7+ 63. g4 Qxa4 64. Kg3 Qb3+ 65. Kf4
Qf3+ 66. Kg5 h6+ 67. Kxh6 Qf4+ 68. Kg7 Kxf2 69. h5 gxh5 70. gxh5 Qg5+ 71. Kf8
e3 72. Ke8 e2 73. Kd7 Qxh5 74. Kc6 Qe5 75. Kb6 e1=Q 76. Kc6 Q1a5 77. Kd7 Qac7#
{QuarkX checkmated} 0-1

[Event "ICS rated blitz match"]
[Site "204.178.125.65"]
[Date "2001.03.05"]
[Round "?"]
[White "ChesterX"]
[Black "Hossa"]
[Result "1-0"]
[WhiteElo "2647"]
[BlackElo "2593"]
[PlyCount "139"]
[EventDate "2001.??.??"]

1. e4 c5 2. Nf3 e6 3. d4 cxd4 4. Nxd4 a6 5. Nc3 b5 6. Bd3 Qb6 7. Be3 Bc5 8. Be2
Nc6 9. Nxc6 Bxe3 10. fxe3 dxc6 11. Qd4 Qxd4 12. exd4 Nf6 13. a3 Bb7 14. e5 Nd5
15. Ne4 Rb8 16. Nd6+ Ke7 17. O-O f5 18. c3 g5 19. Rf2 Kd7 20. a4 Kc7 21. Bf3
bxa4 22. Rxa4 Ne3 23. Bh5 Rhf8 24. Ra1 h6 25. Bf7 Kd7 26. g3 Bc8 27. Rf3 Nc2
28. Rc1 g4 29. Rd3 Rxb2 30. Rd2 Nxd4 31. Rxb2 Nf3+ 32. Kf2 Nxe5 33. Rd1 Ke7 34.
Be8 Bd7 35. Bxd7 Nxd7 36. Rb7 Rb8 37. Ra7 Rb3 38. Nc8+ Kf6 39. Rdxd7 Rxc3 40.
Ne7 Rc2+ 41. Ke3 Rxh2 42. Ng8+ Ke5 43. Rxa6 Rc2 44. Ra5+ c5 45. Kd3 Rc1 46. Kd2
Rc4 47. Rh7 f4 48. gxf4+ Kxf4 49. Nxh6 Kg5 50. Ra8 Kg6 51. Raa7 Kf6 52. Rag7
Ke5 53. Nxg4+ Kf4 54. Rh6 Ra4 55. Rxe6 Rb4 56. Rf6+ Ke4 57. Re7+ Kd4 58. Rf4+
Kd5 59. Rxb4 cxb4 60. Kc2 Kc4 61. Re5 b3+ 62. Kb2 Kd3 63. Kxb3 Kd4 64. Kb4 Kd3
65. Nf2+ Kd4 66. Rf5 Ke3 67. Kc3 Ke2 68. Ng4 Kd1 69. Re5 Kc1 70. Re1# {
Hossa checkmated} 1-0

[Event "ICS rated blitz match"]
[Site "204.178.125.65"]
[Date "2001.03.05"]
[Round "?"]
[White "Hossa"]
[Black "yakup1"]
[Result "1-0"]
[WhiteElo "2580"]
[BlackElo "2030"]
[PlyCount "30"]
[EventDate "2001.??.??"]

1. e4 g6 2. d4 Bg7 3. Nf3 d6 4. Bc4 Nf6 5. Nc3 O-O 6. O-O e6 7. e5 dxe5 8. dxe5
Qxd1 9. Rxd1 Ng4 10. Nb5 Na6 11. Bf4 Bd7 12. Rxd7 Rfd8 13. Rxd8+ Rxd8 14. h3
Nh6 15. Nxa7 Nf5 {yakup1 resigns} 1-0

[Event "ICS Rated blitz match"]
[Site "204.178.125.65"]
[Date "2001.03.05"]
[Round "?"]
[White "yakup1"]
[Black "Hossa"]
[Result "0-1"]
[WhiteElo "2029"]
[BlackElo "2581"]
[PlyCount "34"]
[EventDate "2001.??.??"]

1. e4 e6 2. Nf3 d5 3. e5 Nd7 4. g3 f6 5. d4 fxe5 6. dxe5 Bc5 7. Bg2 Ne7 8. O-O
O-O 9. c4 dxc4 10. Qc2 Nb6 11. Nbd2 Qd3 12. Qc3 Nc6 13. Re1 Nb4 14. Bf1 Qxc3
15. bxc3 Nc2 16. Rb1 Nxe1 17. Nxe1 Bxf2+ {yakup1 resigns} 0-1

[Event "ICS rated blitz match"]
[Site "204.178.125.65"]
[Date "2001.03.05"]
[Round "?"]
[White "Hossa"]
[Black "yakup1"]
[Result "1-0"]
[WhiteElo "2582"]
[BlackElo "2028"]
[PlyCount "65"]
[EventDate "2001.??.??"]

1. e4 g6 2. d4 Bg7 3. Nf3 d6 4. Bc4 Nf6 5. Nc3 O-O 6. O-O c5 7. dxc5 dxc5 8.
Qe2 Bg4 9. Rd1 Qa5 10. e5 Nfd7 11. e6 fxe6 12. Bxe6+ Bxe6 13. Qxe6+ Kh8 14. Nd5
Nb6 15. Nc7 Nc6 16. Nxa8 Nxa8 17. Ng5 h6 18. Bd2 Qa4 19. b3 Qh4 20. g3 Qh5 21.
Nf7+ Kh7 22. g4 Qh3 23. Bxh6 Bxh6 24. Nxh6 Kxh6 25. g5+ Kg7 26. Qxh3 Nc7 27.
Qh6+ Kf7 28. Qh7+ Ke8 29. Qxg6+ Rf7 30. Qh5 Nd4 31. Rxd4 cxd4 32. g6 Rf6 33.
g7+ {yakup1 resigns} 1-0

[Event "ICS rated blitz match"]
[Site "204.178.125.65"]
[Date "2001.03.05"]
[Round "?"]
[White "yakup1"]
[Black "Hossa"]
[Result "0-1"]
[WhiteElo "2027"]
[BlackElo "2583"]
[PlyCount "48"]
[EventDate "2001.??.??"]

1. e4 c5 2. Nf3 e6 3. d4 cxd4 4. Nxd4 a6 5. Bd3 Nf6 6. Ne2 Nc6 7. O-O Bc5 8.
Nd2 d6 9. Nb3 Bb6 10. h3 O-O 11. Kh1 Bd7 12. f4 d5 13. e5 Ne4 14. Nd2 Nf2+ 15.
Rxf2 Bxf2 16. Qf1 Bb6 17. Nf3 f6 18. c3 fxe5 19. fxe5 Nxe5 20. Bc2 Nxf3 21.
gxf3 e5 22. Qg2 Qh4 23. Kh2 Qh5 24. Bg5 Qxf3 {yakup1 resigns} 0-1

[Event "ICS rated blitz match"]
[Site "204.178.125.65"]
[Date "2001.03.05"]
[Round "?"]
[White "Hossa"]
[Black "yakup1"]
[Result "1-0"]
[WhiteElo "2584"]
[BlackElo "2026"]
[PlyCount "47"]
[EventDate "2001.??.??"]

1. e4 e5 2. Nf3 Nc6 3. Bc4 Bc5 4. c3 Nf6 5. d4 exd4 6. e5 d5 7. exf6 dxc4 8.
fxg7 Rg8 9. Bg5 Qd5 10. Bf6 d3 11. O-O Be6 12. Qd2 Kd7 13. Qg5 Rae8 14. Nbd2
Qxg5 15. Nxg5 h6 16. Nge4 Be7 17. b3 Kc8 18. Rfe1 b5 19. Re3 Ba3 20. bxc4 bxc4
21. Rae1 Bb2 22. Nxc4 Bxc4 23. Nd6+ Kd7 24. Rxe8 {yakup1 resigns} 1-0

[Event "ICS rated blitz match"]
[Site "204.178.125.65"]
[Date "2001.03.05"]
[Round "?"]
[White "yakup1"]
[Black "Hossa"]
[Result "0-1"]
[WhiteElo "2025"]
[BlackElo "2585"]
[PlyCount "72"]
[EventDate "2001.??.??"]

1. e4 c5 2. Nf3 e6 3. d4 cxd4 4. Nxd4 a6 5. c4 Qc7 6. Nc3 Nf6 7. Bd3 Bd6 8. h3
O-O 9. O-O Nc6 10. Be3 Be5 11. Nde2 d6 12. a3 Na5 13. b3 Bxc3 14. Nxc3 b5 15.
Qe2 Nxb3 16. Rab1 Na5 17. Rfc1 bxc4 18. Bb6 cxd3 19. Bxc7 dxe2 20. Bxa5 Bd7 21.
Nxe2 Nxe4 22. f3 Nf6 23. Bb4 Rfd8 24. Bxd6 Bb5 25. Be7 Bxe2 26. Bxd8 Rxd8 27.
Rc7 Bb5 28. Rbc1 g5 29. Ra7 Nd5 30. Rd1 Kg7 31. Rd4 Kf6 32. Kf2 Rc8 33. a4 Rc2+
34. Kg1 Nc3 35. Rc7 Ne2+ 36. Kh2 Rxc7 {yakup1 resigns} 0-1

[Event "ICS rated blitz match"]
[Site "204.178.125.65"]
[Date "2001.03.05"]
[Round "?"]
[White "Hossa"]
[Black "yakup1"]
[Result "1-0"]
[WhiteElo "2586"]
[BlackElo "2024"]
[PlyCount "42"]
[EventDate "2001.??.??"]

1. d4 g6 2. e4 Bg7 3. c3 d6 4. f4 f5 5. e5 dxe5 6. fxe5 e6 7. Nf3 c5 8. dxc5
Qxd1+ 9. Kxd1 Nc6 10. Bf4 h6 11. Na3 g5 12. Nb5 Kd8 13. Bd2 Nxe5 14. Nd6 Ke7
15. Kc2 Nxf3 16. gxf3 Bd7 17. Re1 Kf8 18. Bc4 Ne7 19. Bxe6 Bxe6 20. Rxe6 Rd8
21. Nxb7 Rd5 {yakup1 resigns} 1-0